Bodas de sangre (Registro nro. 1885)

Detalles MARC
000 -CABECERA
Longitud fija campo de control 01644nam a2200325Ia 4500
005 - • FECHA Y HORA DE LA ÚLTIMA TRANSACCIÓN
Fecha y hora de la última transacción 20220316235714.0
008 - • CÓDIGOS DE INFORMACIÓN DE LONGITUD FIJA
Códigos de información de longitud fija 121119s2002 ck gr 000 0 spa
020 ## - • NÚMERO INTERNACIONAL NORMALIZADO PARA LIBROS
Número Internacional Normalizado para Libros (ISBN) 9580469911
041 0# - • CÓDIGO DE LENGUA
Código de lengua del texto/banda sonora o título independiente spa
040 ## - FUENTE DE LA CATALOGACIÓN
Centro catalogador de origen CO-BoRNBP
Lengua de catalogación spa
Normas de descripción rda
Centro transcriptor CO-BoRNBP
084 ## - • Clasificación Local Alfanúmerica PNLB
Número de clasificación T GAR1
100 1# - • PUNTO DE ACCESO PRINCIPAL-NOMBRE DE PERSONA
Nombre de persona García Lorca, Federico
Fechas asociadas al nombre 1898-1936
245 10 - • TITULO PROPIAMENTE DICHO
Título Bodas de sangre
Mención de responsabilidad, etc. Federico García Lorca ; editor, Iván Hernández Arbeláez
250 ## - • MENCIÓN DE EDICIÓN
Mención de edición Segunda edición
264 ## - PRODUCCIÓN, PUBLICACIÓN , DISTRIBUCIÓN, FABRICACIÓN Y COPYRIGHT
Lugar de producción, publicación, distribución, fabricación Bogotá
Nombre del productor, editor, distribuidor, fabricante Norma
Fecha de de producción, publicación, distribución, fabricación o copyright 2002
300 ## - • DESCRIPCIÓN FÍSICA
Extensión 122, 64 páginas
Dimensiones 19 cm
336 ## - TIPO DE CONTENIDO
Término de tipo de contenido texto
Código de tipo de contenido txt
Fuente rdacontent
337 ## - TIPO DE MEDIO
Nombre del tipo de medio sin mediación
Código del tipo de medio n
Fuente rdamedia
338 ## - TIPO DE SOPORTE
Nombre del tipo de soporte volumen
Código del tipo de soporte nc
Fuente rdacarrier
490 0# - • MENCIÓN DE SERIE
Mención de serie Cara y cruz
501 ## - • NOTA DE "CON"
Nota de "Con" A propósito de Federico García Lorca vida y obra
504 ## - • NOTA DE BIBLIOGRAFÍA, ETC
Nota de bibliografía, etc. Incluye bibliografía
505 ## - • NOTA DE CONTENIDO CON FORMATO
Nota de contenido con formato Rafael Alberti : Imagen primera y sucesiva de Federico García Lorca / Elkin Obregón : Minucias sobre el autor y la obra / Citas a propósito de García Lorca.. Cronología. Bibliografía
520 ## - • NOTA DE RESUMEN
Resumen, etc, El tema principal de Bodas de Sangre es la dicotomía entre el amor y la muerte. Lorca quiere salvar el instinto elemental del convencionalismo social y la tradición, aún sabiendo que el intento está abocado al fracaso, ya que esta fuerza instintiva que tiende a la unión natural/irracional/básica, contiene en sí misma los principios de destrucción: el despecho, la agresividad, etc
600 14 - • PUNTO DE ACCESO ADICIONAL DE MATERIA - NOMBRE DE PERSONA
Nombre de persona García Lorca, Federico
Fechas asociadas al nombre 1898-1936
Subdivisión de materia general (R ) Critica e interpretación
650 14 - • PUNTO DE ACCESO ADICIONAL DE MATERIA - TÉRMINO DE MATERIA
Término de materia o nombre geográfico como elemento inicial Teatro español
Subdivisión cronológica Siglo XX
Fuente del encabezamiento o término LEMB
650 14 - • PUNTO DE ACCESO ADICIONAL DE MATERIA - TÉRMINO DE MATERIA
Término de materia o nombre geográfico como elemento inicial Tragedia española
Subdivisión cronológica Siglo XX
Fuente del encabezamiento o término LEMB
700 1# - • PUNTO DE ACCESO ADICIONAL - NOMBRE DE PERSONA
Nombre de persona Hernández Arbeláez, Iván
Término indicativo de función editor
942 ## - ENTRADA DE ELEMENTOS AGREGADOS (KOHA)
Fuente de clasificaión o esquema
Koha [por defecto] tipo de item Libro Literatura
Existencias
Perdido Fuente de clasificación o esquema Estado Físico No para préstamo Localización permanente Localización actual Localización en estanterías Fecha adquisición Préstamos totales Signatura completa Código de barras Fecha última consulta Número de copia Fecha del precio de reemplazo Tipo de item de Koha Forma de adquisición
  Dewey Decimal Classification     Biblioteca Pública Cubarral Biblioteca Pública Cubarral Literatura 08/01/2023   T GAR1 CUB01052 08/01/2023 Ej.1 08/01/2023 Libro Literatura Colección General
  Dewey Decimal Classification     Biblioteca Pública Cumaral - Alvaro Garzon Torres Biblioteca Pública Cumaral - Alvaro Garzon Torres Literatura 07/18/2024   TGAR1 CUM1115 07/18/2024 Ej.1 07/18/2024 Libro Literatura Colección General
  Dewey Decimal Classification     Biblioteca Pública Dorado Biblioteca Pública Dorado Literatura 03/02/2023   T GAR1 DOR02192 03/02/2023 Ej.1 03/02/2023 Libro Literatura Colección General
  Dewey Decimal Classification     Biblioteca Pública Fuentedeoro - Henry Llanos García Biblioteca Pública Fuentedeoro - Henry Llanos García Literatura 08/03/2023   T GAR1 Fo01693 08/03/2023 Ej.1 08/03/2023 Libro Literatura Colección General
  Dewey Decimal Classification     Biblioteca Pública José Eustasio Rivera - San Martin Biblioteca Pública José Eustasio Rivera - San Martin Literatura 07/11/2023   T GAR1 SM002053 07/11/2023 Ej.1 07/11/2023 Libro Literatura Colección General
  Dewey Decimal Classification     Biblioteca Pública Lejanias Biblioteca Pública Lejanias General 01/27/2026   T GAR1 LEJ01963 01/27/2026 Ej.1 01/27/2026 Libro Literatura Colección General
  Dewey Decimal Classification     Biblioteca Pública San Carlos de Guaroa - Eduardo Carranza Biblioteca Pública San Carlos de Guaroa - Eduardo Carranza Literatura 07/04/2024   T GAR1 SG01913 07/04/2024 Ej.1 07/04/2024 Libro Literatura Colección General
  Dewey Decimal Classification     Biblioteca Pública El Castillo - Alfonso Meneses Biblioteca Pública El Castillo - Alfonso Meneses Literatura 07/25/2023   T GAR1 EC02279 07/25/2023 Ej.1 07/25/2023 Libro Literatura Colección General
  Dewey Decimal Classification     Biblioteca Pública Cabuyaro Biblioteca Pública Cabuyaro Literatura 10/25/2023   GAR1 CAB000883 10/25/2023 Ej.1 10/25/2023 Libro Literatura Colección General
  Dewey Decimal Classification     Biblioteca Pública Guamal Biblioteca Pública Guamal Literatura 02/06/2023   T GAR1 GUA000688 02/06/2023 Ej.1 02/06/2023 Libro Literatura Colección General
  Dewey Decimal Classification     Biblioteca Pública Mapiripan Biblioteca Pública Mapiripan Literatura 01/17/2024   T GAR1 MAP00002650 01/17/2024 Ej.1 01/17/2024 Libro Literatura Colección General
  Dewey Decimal Classification     Biblioteca Pública Puerto Rico Biblioteca Pública Puerto Rico Literatura 12/05/2022   TGAR1Ej.1 PR000000L48 12/05/2022 Ej.1 12/05/2022 Libro Literatura  
  Dewey Decimal Classification     Biblioteca Pública Uribe - Reinerio Arenas Biblioteca Pública Uribe - Reinerio Arenas Literatura 01/16/2025   T GAR1 URI02211 01/16/2025 Ej.1 01/16/2025 Libro Literatura Colección General









Instituto Departamental de Cultura del Meta - Red Departamental de Bibliotecas Públicas del Meta.